Oral treatment of human African trypanosomiasis: Feasibility in coastal communities in Guinea (notice n° 1529039)
[ vue normale ]
| 000 -LEADER | |
|---|---|
| fixed length control field | 02260cam a2200313 4500500 |
| 005 - DATE AND TIME OF LATEST TRANSACTION | |
| control field | 20251012013256.0 |
| 041 ## - LANGUAGE CODE | |
| Language code of text/sound track or separate title | fre |
| 042 ## - AUTHENTICATION CODE | |
| Authentication code | dc |
| 100 10 - MAIN ENTRY--PERSONAL NAME | |
| Personal name | Layba Camara, Mariame |
| Relator term | author |
| 245 00 - TITLE STATEMENT | |
| Title | Oral treatment of human African trypanosomiasis: Feasibility in coastal communities in Guinea |
| 260 ## - PUBLICATION, DISTRIBUTION, ETC. | |
| Date of publication, distribution, etc. | 2025.<br/> |
| 500 ## - GENERAL NOTE | |
| General note | 3 |
| 520 ## - SUMMARY, ETC. | |
| Summary, etc. | Objective: To evaluate the feasibility of launching the new human African trypanosomiasis (HAT) drug and its use in the three endemic foci in Guinea. Methodology: An analytical cross-sectional study was conducted to assess the feasibility of this implementation in the foci of Boffa, Dubréka, and Forécariah located on the Guinean coast. Results: The results of this study showed that (i) nearly one in three respondents (27.5%) had good knowledge of how HAT is transmitted, and (ii) half of the respondents (49.6%) had heard of a new treatment for HAT. Most of the respondents recognized that it has the advantages of not requiring a lumbar puncture (61.4%) and of being free of charge (38.6%). Almost all respondents would readily accept oral HAT treatment (99.3%) and would even be willing to take it at home (98.3%). Many of them would feel less stigmatized by following this treatment. Conclusion: Although the knowledge required, favorable attitude, and practices amenable to adopting this new treatment varied, depending on the study site and level of education, the respondents largely indicated that they would be confident in adopting this new treatment. |
| 700 10 - ADDED ENTRY--PERSONAL NAME | |
| Personal name | Kagbadouno, Moïse |
| Relator term | author |
| 700 10 - ADDED ENTRY--PERSONAL NAME | |
| Personal name | Kourouma, Ansoumane |
| Relator term | author |
| 700 10 - ADDED ENTRY--PERSONAL NAME | |
| Personal name | Diallo, Mamadou Baîlo |
| Relator term | author |
| 700 10 - ADDED ENTRY--PERSONAL NAME | |
| Personal name | Soumah, Alseny M’Mah |
| Relator term | author |
| 700 10 - ADDED ENTRY--PERSONAL NAME | |
| Personal name | Camara, Oumou |
| Relator term | author |
| 700 10 - ADDED ENTRY--PERSONAL NAME | |
| Personal name | Mutumbo, Wilfried |
| Relator term | author |
| 700 10 - ADDED ENTRY--PERSONAL NAME | |
| Personal name | Ngolo, Digas |
| Relator term | author |
| 700 10 - ADDED ENTRY--PERSONAL NAME | |
| Personal name | Lubukulu, Génèse |
| Relator term | author |
| 700 10 - ADDED ENTRY--PERSONAL NAME | |
| Personal name | Musawu, Yannick |
| Relator term | author |
| 700 10 - ADDED ENTRY--PERSONAL NAME | |
| Personal name | Ilboudo, Hamidou |
| Relator term | author |
| 700 10 - ADDED ENTRY--PERSONAL NAME | |
| Personal name | Bart, Jean Mathieu |
| Relator term | author |
| 700 10 - ADDED ENTRY--PERSONAL NAME | |
| Personal name | Camara, Mamadou |
| Relator term | author |
| 700 10 - ADDED ENTRY--PERSONAL NAME | |
| Personal name | Kokolomami, Jack |
| Relator term | author |
| 786 0# - DATA SOURCE ENTRY | |
| Note | Santé Publique | 37 | 2 | 2025-05-26 | p. 173-184 | 0995-3914 |
| 856 41 - ELECTRONIC LOCATION AND ACCESS | |
| Uniform Resource Identifier | <a href="https://shs.cairn.info/journal-sante-publique-2025-2-page-173?lang=en&redirect-ssocas=7080">https://shs.cairn.info/journal-sante-publique-2025-2-page-173?lang=en&redirect-ssocas=7080</a> |
Pas d'exemplaire disponible.




Réseaux sociaux